Girls Names in Alt Rock Songs: Click Quiz - Statistics

General Stats
  • This quiz has been taken 27 times
    18 since last reset
  • The average score is 5 of 18
Answer Stats
Hint Answer % Correct
(Goo Goo Dolls) ____ Iris
79%
(Lumineers) ______ Ophelia
57%
(Kings of Leon) _____'s Chambers Molly
43%
(Franz Ferdinand) ________ Kiss Me Katherine
36%
(The Ramones) ______ is a Punk Rocker Sheena
29%
(They Might be Giants) ___ Ng Ana
21%
(Wet Leg) _______ Angelica
21%
(The Cure) _________ Sometimes Charlotte
21%
(Siouxsie And The Banshees) _________ Christine
21%
(My Chemical Romance) ______ Helena
21%
(The Killers) _____ was a Friend of Mine Jenny
21%
(Father John Misty) _____ Chloë
14%
(Vampire Weekend) _____ Young Diane
14%
(Mystery Jets) Half in Love with ________ Elizabeth
14%
(Fiona Apple) ________ Said Shameika
14%
(Concrete Blonde) Tomorrow, ____ Wendy
14%
(Green Day) ___ Amy
7%
(Pixies) Indie _____ Cindy
7%
No matching quizzes found
Score Distribution
Percent of People with Each Score
Percentile by Number Answered
Your Score History
You have not taken this quiz since the last reset